<?xml version="1.0" encoding="UTF-8"?><collection xmlns="info:lc/xmlns/marcxchange-v2"><record format="Unimarc" type="bibliographic"><leader>00786cam  2200241   450 </leader><controlfield tag="001">1753187</controlfield><controlfield tag="003">http://id.bnportugal.gov.pt/bib/porbase/1753187</controlfield><controlfield tag="005">20030621201400.0</controlfield><datafield ind1=" " ind2=" " tag="010"><subfield code="a">0-486-64039-6</subfield></datafield><datafield ind1=" " ind2=" " tag="035"><subfield code="8">72400</subfield></datafield><datafield ind1=" " ind2=" " tag="095"><subfield code="a">PTBN00629318</subfield></datafield><datafield ind1=" " ind2=" " tag="100"><subfield code="a">19930719d1980    k  y0pory0103    ba</subfield></datafield><datafield ind1="0" ind2=" " tag="101"><subfield code="a">eng</subfield></datafield><datafield ind1=" " ind2=" " tag="102"><subfield code="a">US</subfield></datafield><datafield ind1="1" ind2=" " tag="200"><subfield code="a">Tensor analysis on manifolds</subfield><subfield code="f">Richard L. Bishop, Samuel I. Golberg</subfield></datafield><datafield ind1=" " ind2=" " tag="210"><subfield code="a">New York</subfield><subfield code="c">Dover Publications</subfield><subfield code="d">1980</subfield></datafield><datafield ind1=" " ind2=" " tag="215"><subfield code="a">VIII, 280 p.</subfield></datafield><datafield ind1=" " ind2=" " tag="675"><subfield code="a">517</subfield><subfield code="v">2ª média</subfield><subfield code="z">por</subfield><subfield code="3">288919</subfield></datafield><datafield ind1=" " ind2="1" tag="700"><subfield code="a">Bishop</subfield><subfield code="b">Richard L.</subfield><subfield code="3">783983</subfield></datafield><datafield ind1=" " ind2="1" tag="701"><subfield code="a">Goldberg</subfield><subfield code="b">Samuel I.</subfield><subfield code="4">070</subfield><subfield code="3">363880</subfield></datafield><datafield ind1=" " ind2="0" tag="801"><subfield code="a">PT</subfield><subfield code="b">BN</subfield><subfield code="g">RPC</subfield></datafield><datafield ind1=" " ind2=" " tag="977"><subfield code="1">517 BIS</subfield><subfield code="2">coop</subfield><subfield code="4">UCDF</subfield><subfield code="6">mq1364930</subfield><subfield code="7">bc</subfield><subfield code="8">coop</subfield><subfield code="9">UCDF</subfield><subfield code="b">74562</subfield><subfield code="k">0</subfield></datafield><datafield ind1=" " ind2=" " tag="977"><subfield code="1">BGUM 514.743.4</subfield><subfield code="2">coop</subfield><subfield code="4">UMSD</subfield><subfield code="6">mq1364931</subfield><subfield code="7">bc</subfield><subfield code="8">coop</subfield><subfield code="9">UMSD</subfield><subfield code="k">0</subfield></datafield><datafield ind1=" " ind2=" " tag="977"><subfield code="1">U10 43976 MT</subfield><subfield code="2">coop</subfield><subfield code="4">UTADBG</subfield><subfield code="6">mq3113505</subfield><subfield code="7">bc</subfield><subfield code="8">coop</subfield><subfield code="9">UTADBG</subfield><subfield code="k">0</subfield></datafield><datafield ind1=" " ind2=" " tag="998"><subfield code="a">UCF5-433</subfield></datafield></record></collection>